| 000 | 00559nam a22001937a 4500 | ||
|---|---|---|---|
| 005 | 20240704164121.0 | ||
| 010 | _aENG-140792 | ||
| 020 |
_c695.00 _a9789392844157 |
||
| 035 | _aEN-124324 | ||
| 037 | _bDBAD | ||
| 082 | _a920 | ||
| 100 |
_aKumar, Shubham _968166 |
||
| 245 |
_aCDS General Bibin Rawat/ _cby Shubham Kumar |
||
| 260 |
_aDelhi _bAdhunik Prakashan _c2022 |
||
| 270 |
_a4771/23,Ansari Road, Darayaganj, Delhi _bDelhi _e110002 |
||
| 300 |
_a208p. _c23cm(hb) |
||
| 700 |
_aKumar, Shubham _966187 |
||
| 942 |
_2ddc _cEN _mSHU _h920 |
||
| 999 |
_c202156 _d202156 |
||